| 000 | 01830cab a2200373 4500 | ||
|---|---|---|---|
| 001 | ABS59106 | ||
| 008 | 090401t1998 xxu||||| |||| 00| 0 eng d | ||
| 035 | _a(Sirsi) u87787 | ||
| 041 | _aeng | ||
| 245 | _aReaper Ltd v Merseyside Waste Authority | ||
| 260 | _c1998 | ||
| 350 | _a0 | ||
| 490 |
_aRating & Valuation Reporter _v[1998] RVR 143-192(50) |
||
| 520 | _aLT 28 July 1997. R sought compensation in respect of the compulsory acquisition of freehold land in Southport. The local planning authority issued a s17 certificate stating that planning permission might reasonably have been expected for retail development. The acquiring authority contended that the value on this assumption would have been negated or reduced by the prospect of retail planning on other nearby competing sites and the most likely development would be residential. R sought compensation on the basis of retail development. "Held" the compensation payable was £1,821,500 on the basis of 7ac for a food store plus 10ac for non food retail plus residual land, allowing for the cost of access. | ||
| 650 | _aACCESS | ||
| 650 | _aBLIGHT NOTICE | ||
| 650 | _aCAMROSE (VISCOUNT) AND ANOTHER V BASINGSTOKE CORPORATION | ||
| 650 | _aCOMPENSATION | ||
| 650 | _aDEVELOPMENT VALUE | ||
| 650 | _aHORN V SUNDERLAND CORPORATION | ||
| 650 | _aLAND COMPENSATION ACT 1961 S17 | ||
| 650 | _aNO SCHEME WORLD | ||
| 650 | _aPOINTE GOURDE QUARRYING AND TRANSPORT CO LTD V CROWN LANDS SUPERINTENDENT | ||
| 650 | _aPORTSMOUTH RC DIOCESAN TRUSTEES V HAMPSHIRE CC | ||
| 650 | _aRANSOM VALUE | ||
| 650 | _aRESIDENTIAL DEVELOPMENT | ||
| 650 | _aRETAIL DEVELOPMENT | ||
| 650 | _aROAD IMPROVEMENTS | ||
| 650 | _aSTOKES V CAMBRIDGE | ||
| 650 | _aVALUATION DATE | ||
| 690 | _aRATING AND VALUATION-CASE LAW | ||
| 942 | _n0 | ||
| 948 | _c31/07/1998 | ||
| 999 |
_c55394 _d55394 |
||